<?xml version="1.0" encoding="UTF-8"?>
<collection xmlns="http://www.loc.gov/MARC21/slim">
 <record>
  <leader>01774pam a22002658a 4500</leader>
  <controlfield tag="001">00025683</controlfield>
  <controlfield tag="005">20171026081022.0</controlfield>
  <controlfield tag="008">110810s2010                  ||||||viesd</controlfield>
  <datafield tag="041" ind1="0" ind2="#">
   <subfield code="a">vie</subfield>
  </datafield>
  <datafield tag="082" ind1="1" ind2="4">
   <subfield code="a">370.7</subfield>
   <subfield code="b">NGH305C</subfield>
  </datafield>
  <datafield tag="245" ind1="0" ind2="0">
   <subfield code="a">Nghiên cứu khoa học sư phạm ứng dụng</subfield>
  </datafield>
  <datafield tag="260" ind1="#" ind2="#">
   <subfield code="a">H.</subfield>
   <subfield code="b">Đại học Sư phạm</subfield>
   <subfield code="c">2010</subfield>
  </datafield>
  <datafield tag="300" ind1="#" ind2="#">
   <subfield code="a">146 tr.</subfield>
   <subfield code="b">minh hoạ</subfield>
   <subfield code="c"> 27 cm.</subfield>
  </datafield>
  <datafield tag="500" ind1="#" ind2="#">
   <subfield code="a">ĐTTS ghi: Bộ Giáo dục đào tạo. Dự án Việt - Bỉ</subfield>
  </datafield>
  <datafield tag="504" ind1="#" ind2="#">
   <subfield code="a">Phụ lục: tr. 101-146</subfield>
  </datafield>
  <datafield tag="520" ind1="3" ind2="#">
   <subfield code="a">Lí thuyết và phương pháp nghiên cứu cơ bản về khoa học sư phạm. Hướng dẫn áp dụng nghiên cứu khoa học sư phạm ứng dụng trong điều kiện thực tế Việt Nam</subfield>
  </datafield>
  <datafield tag="653" ind1="#" ind2="#">
   <subfield code="a">Nghiên cứu khoa học</subfield>
  </datafield>
  <datafield tag="653" ind1="#" ind2="#">
   <subfield code="a">Sư phạm</subfield>
  </datafield>
  <datafield tag="653" ind1="#" ind2="#">
   <subfield code="a">Ứng dụng</subfield>
  </datafield>
  <datafield tag="852" ind1="#" ind2="#">
   <subfield code="b">Kho giáo trình</subfield>
   <subfield code="j">KGT.0032121, KGT.0032122, KGT.0032123, KGT.0032124, KGT.0032125, KGT.0032126, KGT.0032127, KGT.0032128, KGT.0032129, KGT.0032130, KGT.0032131, KGT.0032132, KGT.0032133, KGT.0032134, KGT.0032135, KGT.0032136, KGT.0032137, KGT.0032138, KGT.0032139, KGT.0032140, KGT.0032141, KGT.0032142, KGT.0032143, KGT.0032306, KGT.0032367, KGT.0034392</subfield>
  </datafield>
  <datafield tag="852" ind1="#" ind2="#">
   <subfield code="b">Kho mượn</subfield>
   <subfield code="j">KGT.0032121</subfield>
  </datafield>
  <datafield tag="852" ind1="#" ind2="#">
   <subfield code="b">Kho đọc</subfield>
   <subfield code="j">KD.0010615</subfield>
  </datafield>
  <datafield tag="852" ind1="#" ind2="#">
   <subfield code="j">KGT.0032367</subfield>
   <subfield code="j">KGT.0032122</subfield>
   <subfield code="j">KGT.0032124</subfield>
   <subfield code="j">KGT.0032125</subfield>
   <subfield code="j">KGT.0032127</subfield>
   <subfield code="j">KGT.0032128</subfield>
   <subfield code="j">KGT.0032130</subfield>
   <subfield code="j">KGT.0032131</subfield>
   <subfield code="j">KGT.0032133</subfield>
   <subfield code="j">KGT.0032134</subfield>
   <subfield code="j">KGT.0032136</subfield>
   <subfield code="j">KGT.0032137</subfield>
   <subfield code="j">KGT.0032139</subfield>
   <subfield code="j">KGT.0032140</subfield>
   <subfield code="j">KGT.0032142</subfield>
   <subfield code="j">KGT.0034392</subfield>
   <subfield code="j">KD.0010615</subfield>
   <subfield code="j">KGT.0032123</subfield>
   <subfield code="j">KGT.0032126</subfield>
   <subfield code="j">KGT.0032129</subfield>
   <subfield code="j">KGT.0032132</subfield>
   <subfield code="j">KGT.0032135</subfield>
   <subfield code="j">KGT.0032138</subfield>
   <subfield code="j">KGT.0032141</subfield>
   <subfield code="j">KGT.0032143</subfield>
   <subfield code="j">KGT.0032121</subfield>
  </datafield>
  <datafield tag="910" ind1=" " ind2=" ">
   <subfield code="d">10/08/2011</subfield>
  </datafield>
  <datafield tag="980" ind1="#" ind2="#">
   <subfield code="a">Trung tâm Học liệu Lê Vũ Hùng, Trường Đại học Đồng Tháp</subfield>
  </datafield>
 </record>
</collection>
